Home Alone quotes - Statistics

General Stats
  • This quiz has been taken 106 times
  • The average score is 9 of 15
Answer Stats
Hint Answer % Correct
"Keep the change ya filthy ______." Animal
90%
"Fuller, go easy one the _____." Pepsi
86%
"Look what ya did ya little ____!" Jerk
78%
"Buzz your __________, woof!" Girlfriend
75%
"Kevin! You spent $967 on ____ _______!" Room service
71%
"You guys give up? Or are you _______ for more?" Thirsty
70%
"You was here, and you were smoochin' with my _______." Brother
66%
"Kevin, you're such a _______." Disease
65%
"Suck _____ kid!" Brick
55%
"Yikes! Don't flash those babies around here! There could be _____ on this floor!" Girls
55%
"Don't you know a kid always wins against ___ ______?" Two idiots
46%
"We can decorate a ____ ____." Palm tree
38%
"Hey! Easy on the ______ pal, the rubber sheets are packed!" Fluids
31%
"You can never be too careful when it involves _________." Underwear
28%
"My grandpa always says if my head wasn't screwed on, I'd leave it on the ______ ___." School bus
16%
No matching quizzes found
Score Distribution
Percent of People with Each Score
Percentile by Number Answered
Your Score History
You have not taken this quiz